[Event "VII Festival B"]
[Site "Amantea ITA"]
[Date "2009.09.03"]
[Round "4"]
[White "Scerra, Ezio"]
[Black "Denozza, Mauro"]
[Result "0-1"]
[WhiteElo "1323"]
[BlackElo "1635"]
[PlyCount "88"]
[EventDate "2009.08.31"]

1. c4 e6 2. g3 Nf6 3. Bg2 d5 4. cxd5 exd5 5. Nf3 c6 6. O-O Bd6 7. d4 Bf5 8. Re1
h6 9. Nc3 O-O 10. Bd2 Nbd7 11. a4 Re8 12. a5 Ne4 13. Na4 Nxd2 14. Qxd2 Nf6 15.
b4 Qe7 16. Nc5 Ne4 17. Qb2 Rab8 18. Nh4 Bh7 19. Rec1 Nxc5 20. bxc5 Bc7 21. e3
g5 22. Nf3 h5 23. Qd2 h4 24. e4 hxg3 25. hxg3 g4 26. Qg5+ Qxg5 27. Nxg5 Bxe4
28. Nxf7 Kxf7 29. Bxe4 Rxe4 30. Ra4 Rbe8 31. Kf1 R8e7 32. a6 b6 33. cxb6 Bxb6
34. Rxc6 Rxd4 35. Rxd4 Bxd4 36. Rd6 Re5 37. Rd7+ Ke6 38. Rg7 Re1+ 39. Kxe1 Bxg7
40. Ke2 Kd6 41. f3 gxf3+ 42. Kxf3 Kc6 43. Kf4 Kb6 44. g4 Kxa6 0-1

[Event "VII Festival B"]
[Site "Amantea ITA"]
[Date "2009.09.03"]
[Round "4"]
[White "Sigmund, Ingenuin"]
[Black "Paragliola, Gennaro"]
[Result "1-0"]
[WhiteElo "1825"]
[BlackElo "1619"]
[PlyCount "92"]
[EventDate "2009.08.31"]

1. e4 d6 2. d4 Nf6 3. Bd3 g6 4. h3 Bg7 5. c3 O-O 6. Be3 e5 7. Ne2 Re8 8. Qc2
exd4 9. cxd4 Nc6 10. a3 Bd7 11. Nbc3 a6 12. O-O Qc8 13. Kh2 h6 14. f4 Nh7 15.
Qd2 Qd8 16. b4 b5 17. Rac1 Rc8 18. d5 Ne7 19. Bd4 Nf6 20. Qa2 Kh7 21. g4 Neg8
22. e5 Nxg4+ 23. hxg4 Qh4+ 24. Kg2 Qxg4+ 25. Kf2 dxe5 26. Bxe5 Bxe5 27. fxe5
Rxe5 28. Ke1 Bf5 29. Bxf5 gxf5 30. Qb2 Nf6 31. Rf2 Nxd5 32. Nxd5 Rxd5 33. Rd1
Rxd1+ 34. Kxd1 Qe4 35. Rh2 Re8 36. Qc1 Qe3 37. Qxc7 Qg1+ 38. Kd2 Qe3+ 39. Kc2
Qe6 40. Kb1 Rc8 41. Qf4 Re8 42. Nd4 Qe5 43. Qxh6+ Kg8 44. Qh7+ Kf8 45. Qh8+
Qxh8 46. Rxh8+ Kg7 1-0

[Event "VII Festival B"]
[Site "Amantea ITA"]
[Date "2009.09.03"]
[Round "4"]
[White "Tricomi, Massimo"]
[Black "Russi, Roberto"]
[Result "1/2-1/2"]
[WhiteElo "1875"]
[BlackElo "1898"]
[PlyCount "36"]
[EventDate "2009.08.31"]

1. c4 c5 2. Nf3 Nc6 3. Nc3 g6 4. g3 Bg7 5. Bg2 Nf6 6. d4 cxd4 7. Nxd4 O-O 8.
O-O Qb6 9. Nc2 d6 10. b3 Be6 11. Bd2 a5 12. Rc1 Nd7 13. Na4 Qa6 14. Na3 Rac8
15. Nb5 Rfd8 16. Bc3 Nc5 17. Bxg7 Kxg7 18. Nac3 a4 1/2-1/2

[Event "VII Festival B"]
[Site "Amantea ITA"]
[Date "2009.09.03"]
[Round "4"]
[White "Vacchiano, Salvatore"]
[Black "Russo, Carmelo"]
[Result "0-1"]
[WhiteElo "1539"]
[BlackElo "1705"]
[PlyCount "82"]
[EventDate "2009.08.31"]

1. d4 Nf6 2. c4 e6 3. Nf3 d5 4. Nc3 Bb4 5. a3 Bxc3+ 6. bxc3 c6 7. cxd5 exd5 8.
e3 Bf5 9. Bd3 Bxd3 10. Qxd3 Qa5 11. Bd2 Ne4 12. O-O O-O 13. Be1 Qa4 14. Ne5 f6
15. Nf3 Nd7 16. Nh4 Rad8 17. f3 Nd6 18. Bd2 Qc4 19. Qc2 f5 20. e4 dxe4 21. Bf4
Nb5 22. Rac1 Nxa3 23. Qf2 exf3 24. Bd6 fxg2 25. Rfe1 Nb5 26. Bxf8 Rxf8 27. Re7
Nxc3 28. Rce1 Qd5 29. Re8 Ne4 30. Rxf8+ Nxf8 31. Qe3 g6 32. Nxg2 Ne6 33. Rd1 c5
34. Nf4 Nxf4 35. Qxf4 cxd4 36. Qb8+ Kg7 37. Qxa7 d3 38. Rc1 d2 39. Rc7+ Kh6 40.
Qe3+ Ng5 41. h4 d1=Q+ 0-1

[Event "VII Festival B"]
[Site "Amantea ITA"]
[Date "2009.09.03"]
[Round "4"]
[White "Vocaturo, Riccardo"]
[Black "De Rasis, Giovanni"]
[Result "0-1"]
[WhiteElo "1641"]
[BlackElo "1873"]
[PlyCount "30"]
[EventDate "2009.08.31"]

1. e4 c6 2. d4 d5 3. exd5 Nf6 4. dxc6 e5 5. dxe5 Qxd1+ 6. Kxd1 Ng4 7. Nh3 Nxc6
8. Bb5 Bc5 9. f4 Bf5 10. Bxc6+ bxc6 11. c3 O-O-O+ 12. Ke2 Nxe5 13. Nd2 Nc4 14.
b4 Rhe8+ 15. Kf3 Rd3# 0-1

[Event "VII Festival B"]
[Site "Amantea ITA"]
[Date "2009.09.03"]
[Round "4"]
[White "Zampaglione, Francesco"]
[Black "Fariselli, Umberto"]
[Result "1-0"]
[WhiteElo "1437"]
[BlackElo "1509"]
[PlyCount "85"]
[EventDate "2009.08.31"]

1. d4 Nf6 2. Nf3 e6 3. Nbd2 g6 4. e4 Bg7 5. Bd3 a6 6. e5 Nd5 7. c4 Nf4 8. Bf1
Nc6 9. Nb3 g5 10. g3 Ng6 11. Bxg5 Nce7 12. h4 h6 13. Bd2 d6 14. h5 Nf8 15. Bf4
b6 16. exd6 cxd6 17. Qd3 Bb7 18. O-O-O Rc8 19. Kb1 Qc7 20. Rc1 a5 21. Bg2 Nd7
22. Ne1 a4 23. Nd2 Bxg2 24. Nxg2 Nf5 25. Ne4 Bxd4 26. Nxd6+ Nxd6 27. Qxd4 Ke7
28. Rhd1 e5 29. Bxe5 Nxe5 30. Qxe5+ Kd7 31. Ne3 Rhe8 32. Qb5+ Kd8 33. Nd5 Qb7
34. Qxb6+ Qxb6 35. Nxb6 Kc7 36. Nxc8 Rxc8 37. Rd4 Rb8 38. Rcd1 a3 39. b3 Nc8
40. Rd7+ Kb6 41. Rxf7 Kc6 42. Rf8 Kc7 43. Rdd8 1-0

[Event "VII Festival B"]
[Site "Amantea ITA"]
[Date "2009.09.04"]
[Round "5"]
[White "Baschirotto, Marco"]
[Black "Mancino, Roberta"]
[Result "1-0"]
[WhiteElo "1869"]
[BlackElo "1721"]
[PlyCount "81"]
[EventDate "2009.08.31"]

1. d4 d5 2. Nf3 Nf6 3. e3 e6 4. Bd3 Nbd7 5. Nbd2 c5 6. c3 Bd6 7. O-O c4 8. Bc2
b5 9. e4 dxe4 10. Nxe4 Bc7 11. Bg5 Bb7 12. Re1 O-O 13. b3 Ba5 14. b4 Bc7 15.
Nc5 Bd5 16. a4 a6 17. a5 Qb8 18. h3 h6 19. Bxf6 Nxf6 20. Ne5 Qd8 21. Qe2 Re8
22. Rad1 Qd6 23. f4 Rad8 24. Qf2 Re7 25. g4 Nh7 26. Be4 f5 27. Bxd5 Qxd5 28.
gxf5 exf5 29. Nxa6 Nf6 30. Nxc7 Rxc7 31. Re3 Ne4 32. Qg2 g5 33. fxg5 Rg7 34. g6
Re8 35. Qh2 Qd8 36. Rde1 Qh4 37. R1e2 Rxe5 38. Qxe5 Rxg6+ 39. Kf1 Ng3+ 40. Rxg3
Rxg3 41. Qxg3+ 1-0

[Event "VII Festival B"]
[Site "Amantea ITA"]
[Date "2009.09.04"]
[Round "5"]
[White "Caporale, Giuseppe Guido"]
[Black "Tricomi, Massimo"]
[Result "0-1"]
[WhiteElo "1824"]
[BlackElo "1875"]
[PlyCount "74"]
[EventDate "2009.08.31"]

1. Nf3 g6 2. c4 Bg7 3. Nc3 c5 4. d3 Nc6 5. g3 e6 6. Bg2 Nge7 7. O-O O-O 8. Bd2
d5 9. cxd5 exd5 10. Qc1 Re8 11. e3 a6 12. Ne2 Qb6 13. Bc3 d4 14. exd4 cxd4 15.
Bd2 Bf5 16. Nf4 Rac8 17. Qd1 Qb5 18. a4 Qxb2 19. Rb1 Qa3 20. Rxb7 Rb8 21. Bc1
Qd6 22. Rxb8 Rxb8 23. Nd2 Ne5 24. Ne4 Qb4 25. Ne2 Bd7 26. Bf4 Bxa4 27. Qa1 N7c6
28. Nd2 Bc2 29. Bd5 Rb6 30. Rc1 Bxd3 31. Rxc6 Rxc6 32. Bxc6 Nxc6 33. Qc1 Bb5
34. Qe1 d3 35. Nc1 Nd4 36. Kg2 Bc6+ 37. f3 Nxf3 0-1

[Event "VII Festival B"]
[Site "Amantea ITA"]
[Date "2009.09.04"]
[Round "5"]
[White "Daniac, Federico"]
[Black "Rizzuti, Pasquale"]
[Result "1-0"]
[WhiteElo "1596"]
[BlackElo "1826"]
[PlyCount "86"]
[EventDate "2009.08.31"]

1. e4 c5 2. Nf3 d6 3. Bb5+ Nc6 4. d4 cxd4 5. Nxd4 Bd7 6. Nxc6 bxc6 7. Bd3 g6 8.
O-O Bg7 9. Nc3 Nf6 10. Be3 O-O 11. Qd2 a5 12. Bh6 a4 13. Bxg7 Kxg7 14. a3 Qa5
15. b4 axb3 16. cxb3 c5 17. Qb2 Kg8 18. Rfe1 e5 19. Bc4 Be6 20. f3 Rfd8 21.
Red1 Ra7 22. Nd5 Nxd5 23. Bxd5 Bxd5 24. Rxd5 f6 25. Qa2 Qb6 26. Kh1 Kf8 27. Qc2
Ke7 28. Qc4 Rb8 29. Rd3 Rba8 30. a4 Rb8 31. Rad1 Ra6 32. h3 h5 33. Rxd6 Qxd6
34. Rxd6 Rxd6 35. Qxc5 Rbd8 36. a5 h4 37. Kh2 Kd7 38. b4 Rc8 39. Qb5+ Rcc6 40.
a6 Ke7 41. a7 Rb6 42. Qxb6 Rxb6 43. a8=Q Rxb4 1-0

[Event "VII Festival B"]
[Site "Amantea ITA"]
[Date "2009.09.04"]
[Round "5"]
[White "Denozza, Mauro"]
[Black "Lodi, Paolo"]
[Result "1-0"]
[WhiteElo "1635"]
[BlackElo "1706"]
[PlyCount "67"]
[EventDate "2009.08.31"]

1. d4 f5 2. e4 fxe4 3. Nc3 Nf6 4. Bg5 g6 5. Bxf6 exf6 6. Nxe4 d5 7. Ng3 Be6 8.
Nf3 Bd6 9. Bd3 Qd7 10. Qd2 a6 11. Qh6 Qf7 12. h4 Nc6 13. h5 g5 14. Bg6 Bf8 15.
Bxf7+ Bxf7 16. Qxf6 Rg8 17. Nxg5 Rg7 18. h6 Rxg5 19. Qxg5 Nxd4 20. Qe5+ Ne6 21.
O-O-O c6 22. Nf5 Kd7 23. c4 Rc8 24. Nd4 Bd6 25. Qf5 Bf4+ 26. Rd2 Bg6 27. Qg4
Re8 28. Nxe6 Bxd2+ 29. Kxd2 Rxe6 30. Re1 Bf7 31. Rxe6 Bxe6 32. Qg7+ Kd6 33.
Qxh7 dxc4 34. Qg6 1-0

[Event "VII Festival B"]
[Site "Amantea ITA"]
[Date "2009.09.04"]
[Round "5"]
[White "Di Mauro, Dante"]
[Black "Rizzi, Domenico"]
[Result "1/2-1/2"]
[WhiteElo "1715"]
[BlackElo "1605"]
[PlyCount "59"]
[EventDate "2009.08.31"]

1. d4 d5 2. c4 c6 3. Nc3 Nf6 4. cxd5 cxd5 5. Bf4 Qb6 6. Qd2 e6 7. e3 Bb4 8. Bd3
Nc6 9. Nge2 Na5 10. O-O O-O 11. Qc2 Bxc3 12. Nxc3 Bd7 13. Rac1 Rac8 14. Qe2 Nc4
15. Rc2 Nd6 16. Rfc1 Nfe4 17. Be5 f6 18. Bf4 f5 19. Be5 Nf7 20. Bf4 Qd8 21.
Bxe4 fxe4 22. h3 Qf6 23. Bg3 Bc6 24. b4 a6 25. a4 e5 26. b5 axb5 27. axb5 exd4
28. exd4 Qxd4 29. bxc6 bxc6 30. Nb5 1/2-1/2

[Event "VII Festival B"]
[Site "Amantea ITA"]
[Date "2009.09.04"]
[Round "5"]
[White "Grudina, Marco"]
[Black "Montalbano, Federico"]
[Result "1-0"]
[WhiteElo "1882"]
[BlackElo "1509"]
[PlyCount "139"]
[EventDate "2009.08.31"]

1. e4 e6 2. d4 d5 3. Nc3 Nf6 4. e5 Nfd7 5. Qg4 c5 6. dxc5 Nxe5 7. Qg3 Ng6 8.
Nb5 Na6 9. h4 Bd7 10. h5 Bxc5 11. hxg6 fxg6 12. Rxh7 O-O 13. Qxg6 Qf6 14. Qxf6
Rxf6 15. Rh1 Bxf2+ 16. Kd1 Bxg1 17. Rxg1 Rxf1+ 18. Rxf1 Bxb5 19. Rf3 Nc5 20.
Be3 Ne4 21. Bd4 a6 22. c3 Re8 23. Be5 Rf8 24. Rxf8+ Kxf8 25. Kc2 Kf7 26. Rh1
Nf2 27. Rh8 Ng4 28. Bf4 e5 29. Rh4 Bd7 30. Bc1 e4 31. Rh1 Bf5 32. Kb3 e3 33.
Re1 Be4 34. g3 Bd3 35. Bxe3 Bc4+ 36. Kc2 Nf6 37. Bf4 Ne4 38. b3 Bb5 39. c4 Bc6
40. cxd5 Bxd5 41. Kd3 Nf6 42. Kd4 Bc6 43. Bg5 Nd7 44. a3 Nf8 45. Rf1+ Ke8 46.
Ke5 Nh7 47. Be3 Nf6 48. Bf4 Kd7 49. Rd1+ Ke8 50. Bg5 Nd7+ 51. Kd6 Nb6 52. a4
Nd7 53. Re1+ Kf8 54. a5 Nf6 55. Bxf6 gxf6 56. Ke6 Kg7 57. Rf1 Be4 58. b4 f5 59.
Rxf5 Kg6 60. Rf4 Bg2 61. Kd6 Bc6 62. Rc4 Bf3 63. Kc7 Bg2 64. Kb8 Bf1 65. Rc7
Kg5 66. Rxb7 Kg4 67. Rg7+ Kf5 68. Ka7 Kf6 69. Rb7 Kg5 70. Rb6 1-0

[Event "VII Festival B"]
[Site "Amantea ITA"]
[Date "2009.09.04"]
[Round "5"]
[White "Lapenna, Michelangelo"]
[Black "Carlomagno, Vincenzo"]
[Result "1-0"]
[WhiteElo "1849"]
[BlackElo "1488"]
[PlyCount "97"]
[EventDate "2009.08.31"]

1. d4 Nf6 2. Nf3 e6 3. c4 b6 4. g3 Ba6 5. Nbd2 Bb4 6. Qb3 c5 7. Bg2 Nc6 8. O-O
d5 9. Qa4 Bb7 10. Ne5 O-O 11. Ndf3 Nxe5 12. dxe5 Qd7 13. Qc2 Ne4 14. Rd1 Qc7
15. a3 Ba5 16. cxd5 Rac8 17. Qxe4 Bxd5 18. Qf4 Bb3 19. Rd6 f6 20. Be3 fxe5 21.
Qxe5 Rf5 22. Qe4 Qxd6 23. Bh3 Bd5 24. Qc2 Rff8 25. Ng5 g6 26. Rd1 Qc6 27. Bf4
Qe8 28. e4 h6 29. exd5 hxg5 30. Bxe6+ Kh7 31. Bxc8 Qxc8 32. Bxg5 Rf5 33. Bf4
Rxf4 34. b4 Qg4 35. bxa5 Rc4 36. Qb3 Rc3 37. Qb1 Qe2 38. axb6 axb6 39. Re1 Qd2
40. Rd1 Qe2 41. d6 Rc2 42. Rf1 Rd2 43. Qxb6 Rd1 44. Qb7+ Kh6 45. Rxd1 Qxd1+ 46.
Kg2 Qxd6 47. Qf3 c4 48. h4 Qd2 49. Qf8+ 1-0

[Event "VII Festival B"]
[Site "Amantea ITA"]
[Date "2009.09.04"]
[Round "5"]
[White "Luvera', Filippo"]
[Black "Furnari, Francesco"]
[Result "1-0"]
[WhiteElo "1835"]
[BlackElo "1832"]
[PlyCount "79"]
[EventDate "2009.08.31"]

1. e4 e5 2. Nf3 Nc6 3. Bb5 a6 4. Ba4 Be7 5. O-O b5 6. Bb3 Nf6 7. c3 d6 8. Re1
O-O 9. h3 Na5 10. Bc2 c5 11. d4 Qc7 12. Nbd2 Bd7 13. Nf1 Rac8 14. Re2 b4 15.
dxc5 dxc5 16. cxb4 cxb4 17. Bd3 Bb5 18. Bxb5 axb5 19. Ng3 Rfe8 20. Bg5 h6 21.
Rc1 Qb7 22. Bxf6 Bxf6 23. Nf5 Rxc1 24. Qxc1 Rd8 25. Qc5 b3 26. axb3 Nxb3 27.
Qb4 Nc1 28. Re3 Rd1+ 29. Kh2 Qd7 30. Ra3 Nd3 31. Ra8+ Kh7 32. Qf8 Nxf2 33. Qg8+
Kg6 34. N5h4+ Bxh4 35. Nxe5+ Kg5 36. Qxg7+ Kf4 37. g3+ Kxe4 38. Nxd7 Rxd7 39.
gxh4 Rd3 40. Ra3 1-0

[Event "VII Festival B"]
[Site "Amantea ITA"]
[Date "2009.09.04"]
[Round "5"]
[White "Paragliola, Gennaro"]
[Black "Ielapi, Vito"]
[Result "0-1"]
[WhiteElo "1619"]
[BlackElo "1887"]
[PlyCount "54"]
[EventDate "2009.08.31"]

1. d4 Nf6 2. c4 e6 3. Nc3 d5 4. Bg5 c6 5. cxd5 exd5 6. e3 Bd6 7. Nf3 O-O 8. Qc2
h6 9. h4 Re8 10. Bxf6 Qxf6 11. Be2 Bf5 12. Qb3 b5 13. a4 b4 14. Na2 a5 15. O-O
Ra7 16. Nc1 Be4 17. Nd3 Bxf3 18. Bxf3 Qxh4 19. g3 Qg5 20. Rac1 Rae7 21. Kg2
Rxe3 22. g4 R3e6 23. Nc5 Qf4 24. Rh1 Rg6 25. Qd3 h5 26. Qd1 hxg4 27. Nd3 gxf3+
0-1

[Event "VII Festival B"]
[Site "Amantea ITA"]
[Date "2009.09.04"]
[Round "5"]
[White "Pugliese, Stefano"]
[Black "Scerra, Ezio"]
[Result "0-1"]
[WhiteElo "1580"]
[BlackElo "1323"]
[PlyCount "62"]
[EventDate "2009.08.31"]

1. e3 c5 2. Nf3 Nf6 3. g3 Nc6 4. d4 cxd4 5. exd4 d5 6. c4 Bg4 7. h3 Bxf3 8.
Qxf3 Nxd4 9. Qd1 e5 10. Be3 Bc5 11. Be2 O-O 12. O-O Rc8 13. Nd2 Nxe2+ 14. Qxe2
d4 15. Bg5 h6 16. Bxf6 Qxf6 17. Ne4 Qe7 18. h4 b6 19. Qg4 f5 20. Qe2 fxe4 21.
Qxe4 Qe6 22. b3 a5 23. g4 Rf4 24. Qd3 Rxg4+ 25. Kh2 Rxh4+ 26. Kg2 e4 27. Qg3
Rg4 28. Qxg4 Qxg4+ 29. Kh2 Bd6+ 30. Kh1 Qh3+ 31. Kg1 Qh2# 0-1

[Event "VII Festival B"]
[Site "Amantea ITA"]
[Date "2009.09.04"]
[Round "5"]
[White "Rigoni, Vinicio"]
[Black "Mileo, Miguelito"]
[Result "1-0"]
[WhiteElo "1796"]
[BlackElo "1656"]
[PlyCount "85"]
[EventDate "2009.08.31"]

1. d4 Nf6 2. Nf3 e6 3. Bg5 d5 4. Nbd2 Nbd7 5. e3 c6 6. c3 Be7 7. Bd3 h6 8. Bf4
Nh5 9. Bg3 Nxg3 10. hxg3 Qc7 11. e4 dxe4 12. Nxe4 Nf6 13. Ne5 Nxe4 14. Bxe4 Bf6
15. f4 Bxe5 16. dxe5 Qb6 17. Qe2 a5 18. O-O-O a4 19. a3 Bd7 20. Rd6 Rd8 21.
Rhd1 Ke7 22. Bc2 Bc8 23. Qd3 g6 24. Bxa4 Qc7 25. Rxd8 Rxd8 26. Qxd8+ Qxd8 27.
Rxd8 Kxd8 28. c4 c5 29. Kd2 b6 30. Bc6 Ke7 31. Ke3 Bd7 32. Bxd7 Kxd7 33. g4 g5
34. g3 Ke7 35. Kd3 f6 36. exf6+ Kxf6 37. Ke4 Ke7 38. Ke5 Kf7 39. b4 Ke7 40.
bxc5 bxc5 41. a4 Kd7 42. a5 gxf4 43. gxf4 1-0

[Event "VII Festival B"]
[Site "Amantea ITA"]
[Date "2009.09.04"]
[Round "5"]
[White "Russi, Roberto"]
[Black "Sigmund, Ingenuin"]
[Result "1-0"]
[WhiteElo "1898"]
[BlackElo "1825"]
[PlyCount "111"]
[EventDate "2009.08.31"]

1. c4 Nf6 2. Nc3 e6 3. e4 d6 4. Nf3 Be7 5. d4 Nc6 6. Bd3 e5 7. d5 Nb8 8. b4 O-O
9. h3 c6 10. Be3 cxd5 11. cxd5 b6 12. Qa4 Bb7 13. Qb3 g6 14. Rc1 a6 15. O-O
Nbd7 16. Nd2 Nh5 17. Qd1 Bg5 18. Nc4 Bxe3 19. fxe3 Qe7 20. Qf3 Ng7 21. g4 Kh8
22. Rc2 Rac8 23. Qe2 b5 24. Na5 Ba8 25. a4 f5 26. axb5 axb5 27. Nxb5 fxe4 28.
Rxf8+ Rxf8 29. Bxe4 Ne8 30. Nc7 Nc5 31. bxc5 Nxc7 32. c6 Rb8 33. Rb2 Rf8 34.
Nb7 Qh4 35. Kg2 Qe7 36. Rb1 Rb8 37. Qd3 Ne8 38. Na5 Rd8 39. Kg3 Nf6 40. Bg2 e4
41. Qd4 Kg8 42. Nc4 h5 43. c7 h4+ 44. Kh2 Nxg4+ 45. hxg4 Qxc7 46. Bxe4 Qf7 47.
Bg2 Qf2 48. Qf4 Qc2 49. Rb2 Qd3 50. Rd2 Qc3 51. Rf2 Qg7 52. Nxd6 Rf8 53. Qxf8+
Qxf8 54. Rxf8+ Kxf8 55. g5 Ke7 56. Nc4 1-0

[Event "VII Festival B"]
[Site "Amantea ITA"]
[Date "2009.09.04"]
[Round "5"]
[White "Russo, Carmelo"]
[Black "Vocaturo, Riccardo"]
[Result "0-1"]
[WhiteElo "1705"]
[BlackElo "1641"]
[PlyCount "112"]
[EventDate "2009.08.31"]

1. d4 e6 2. Nf3 f5 3. g3 Nf6 4. Bg2 Be7 5. O-O O-O 6. c4 d5 7. b3 c6 8. Nc3 Qe8
9. a4 Nbd7 10. Qc2 Qh5 11. Bf4 Ne4 12. cxd5 exd5 13. e3 Rf6 14. Ne2 g5 15. Bc7
Rh6 16. h4 gxh4 17. Nf4 Qf7 18. Nh3 hxg3 19. fxg3 Qg7 20. Bf4 Rg6 21. Ne5 Nxe5
22. Bxe5 Bf6 23. Bf4 Nxg3 24. Rf2 Ne4 25. Rf3 Ng5 26. Nxg5 Bxg5 27. Be5 Bf6 28.
Bf4 Be6 29. b4 Kh8 30. Rh3 Rg8 31. Rh2 Bxd4 32. Rf1 Be5 33. Qe2 Bxf4 34. Rxf4
Qa1+ 35. Rf1 Qxa4 36. Qb2+ R8g7 37. Kf2 Kg8 38. Rfh1 d4 39. e4 Qa2 40. Qxa2
Bxa2 41. exf5 Rf6 42. Be4 Be6 43. Rh5 Rgf7 44. Ke2 Bxf5 45. Rg1+ Kf8 46. Bxf5
Rxf5 47. Rh4 Rf2+ 48. Kd3 R2f4 49. Rh5 R4f5 50. Rh4 Rd5 51. Rgh1 Rdd7 52. R4h3
Ke8 53. Rg1 Kd8 54. Ra1 b6 55. Rg3 Kc8 56. Rc1 Kb7 0-1

[Event "VII Festival B"]
[Site "Amantea ITA"]
[Date "2009.09.04"]
[Round "5"]
[White "Sansosti, Simona"]
[Black "Ceravolo, Alberto"]
[Result "0-1"]
[WhiteElo "1431"]
[BlackElo "1628"]
[PlyCount "104"]
[EventDate "2009.08.31"]

1. d4 d5 2. e3 Nf6 3. Bd3 g6 4. Nf3 Bg7 5. Nbd2 Nbd7 6. O-O O-O 7. Re1 Re8 8.
e4 dxe4 9. Nxe4 c6 10. c3 Nxe4 11. Bxe4 Nf6 12. Bc2 Qc7 13. Ne5 Nh5 14. g4 Nf6
15. h3 Nd7 16. Bf4 Nxe5 17. Bxe5 Bxe5 18. dxe5 Be6 19. Qd4 Red8 20. Qe3 Bd5 21.
g5 c5 22. Be4 Bxe4 23. Qxe4 Rd2 24. Re2 Rad8 25. Rae1 Qd7 26. e6 Qxe6 27. Qxe6
fxe6 28. Rxe6 Rxb2 29. Rxe7 Rf8 30. R1e2 Rxe2 31. Rxe2 Rf3 32. Re3 Rxe3 33.
fxe3 Kg7 34. Kg2 b5 35. Kf2 Kf7 36. Ke2 Ke6 37. Kd3 Kd5 38. e4+ Ke5 39. Ke3 a6
40. a3 a5 41. Kd3 Kf4 42. h4 Ke5 43. Ke3 b4 44. axb4 axb4 45. cxb4 cxb4 46. Kd3
b3 47. Kc3 b2 48. Kxb2 Kxe4 49. Kc2 Kf4 50. Kd2 Kg4 51. Ke2 Kxh4 52. Kf2 Kxg5
0-1

[Event "VII Festival B"]
[Site "Amantea ITA"]
[Date "2009.09.04"]
[Round "5"]
[White "Scalise, Sandro"]
[Black "Carbone, Stefano"]
[Result "0-1"]
[WhiteElo "1631"]
[BlackElo "1695"]
[PlyCount "52"]
[EventDate "2009.08.31"]

1. d4 Nf6 2. Nf3 g6 3. c3 Bg7 4. e3 d6 5. Nbd2 O-O 6. Be2 Nbd7 7. O-O e5 8.
dxe5 Nxe5 9. Nxe5 dxe5 10. e4 Qe7 11. Qc2 b6 12. a4 a5 13. b4 Rd8 14. b5 Nd7
15. Ba3 Qf6 16. c4 Bf8 17. Rfd1 Bxa3 18. Rxa3 Bb7 19. f3 Nc5 20. Nf1 Rxd1 21.
Bxd1 Qd6 22. Ne3 Rd8 23. Nd5 Nxe4 24. Rd3 Qc5+ 25. Kf1 Bxd5 26. Ke1 Qg1+ 0-1

[Event "VII Festival B"]
[Site "Amantea ITA"]
[Date "2009.09.04"]
[Round "5"]
[White "Zampaglione, Davide"]
[Black "Cerasoli, Mauro"]
[Result "1/2-1/2"]
[WhiteElo "1620"]
[BlackElo "1711"]
[PlyCount "124"]
[EventDate "2009.08.31"]

1. d4 d5 2. Nf3 Nc6 3. e3 Bg4 4. Be2 Nf6 5. Nbd2 g6 6. O-O Bg7 7. c4 e6 8. b3
O-O 9. Bb2 Re8 10. Ne1 Bxe2 11. Qxe2 a5 12. Nd3 b6 13. cxd5 exd5 14. Rfc1 Ne7
15. a4 Ne4 16. Rc2 Rc8 17. Rac1 Nf5 18. Nxe4 Rxe4 19. Qd2 Bf8 20. Ne5 Bd6 21.
Nc6 Qd7 22. Na7 Rb8 23. Nb5 Rb7 24. Nxd6 Nxd6 25. Ba3 Ne8 26. Qe2 Re6 27. Qb5
Qxb5 28. axb5 Rb8 29. Kf1 Rd8 30. Ke2 f5 31. Rc6 Rxc6 32. Rxc6 Kf7 33. Kf3 Rd7
34. Kf4 h6 35. Ke5 Rd8 36. h3 Ra8 37. Kxd5 a4 38. b4 Rd8+ 39. Ke5 Rd7 40. Kf4
Nd6 41. Rc2 Nxb5 42. Bc1 Nd6 43. Ra2 b5 44. Rc2 Nc4 45. h4 Ke6 46. Kf3 Rd6 47.
Ke2 Rc6 48. Kd3 Kd7 49. f3 Nd6 50. Rxc6 Kxc6 51. e4 fxe4+ 52. fxe4 h5 53. g3
Kd7 54. Ke3 c6 55. Kd3 Ke6 56. Ke3 Nf7 57. Kf3 Nd6 58. Ke3 Nc4+ 59. Kd3 a3 60.
Kc3 Kf6 61. Kb3 Ke6 62. Bf4 Kd7 1/2-1/2

[Event "VII Festival B"]
[Site "Amantea ITA"]
[Date "2009.09.05"]
[Round "6"]
[White "Carbone, Stefano"]
[Black "De Rasis, Giovanni"]
[Result "1-0"]
[WhiteElo "1695"]
[BlackElo "1873"]
[PlyCount "63"]
[EventDate "2009.08.31"]

1. e4 c6 2. d3 d5 3. Nd2 e5 4. Ngf3 Bd6 5. g3 f5 6. Nh4 Ne7 7. Qh5+ g6 8. Nxg6
Nxg6 9. exf5 Qf6 10. fxg6 hxg6 11. Qf3 Qg7 12. Bg2 Nd7 13. Nb3 Nf6 14. h3 Rf8
15. Qe2 Be6 16. Bg5 O-O-O 17. O-O-O Rde8 18. Qd2 Nd7 19. Bh6 Qf7 20. Bxf8 Rxf8
21. Rdf1 Qe7 22. Kb1 Bb4 23. Qh6 a5 24. c3 a4 25. Nc1 Ba5 26. a3 g5 27. h4 Qc5
28. Qxe6 Bxc3 29. Bh3 Qb6 30. Qxd7+ Kb8 31. Qd6+ Ka7 32. b4 1-0

[Event "VII Festival B"]
[Site "Amantea ITA"]
[Date "2009.09.05"]
[Round "6"]
[White "Carlomagno, Vincenzo"]
[Black "Ceravolo, Alberto"]
[Result "0-1"]
[WhiteElo "1488"]
[BlackElo "1628"]
[PlyCount "62"]
[EventDate "2009.08.31"]

1. e4 e5 2. Nf3 Nc6 3. Bc4 Bc5 4. c3 Nf6 5. d4 exd4 6. cxd4 Bb4+ 7. Nc3 d6 8.
d5 Bxc3+ 9. bxc3 Ne7 10. Qd3 Ng6 11. O-O O-O 12. Re1 Ng4 13. Bb3 N4e5 14. Nxe5
Nxe5 15. Qg3 Qf6 16. Bg5 Qg6 17. f4 h6 18. fxe5 hxg5 19. exd6 cxd6 20. e5 dxe5
21. Rxe5 g4 22. Rae1 Qd6 23. Qh4 g6 24. Qe7 Qb6+ 25. Kh1 Bf5 26. d6 Rad8 27.
Qg5 Qf2 28. Qf6 g3 29. Bxf7+ Rxf7 30. Qxd8+ Rf8 31. Qh4 Be4 0-1

[Event "VII Festival B"]
[Site "Amantea ITA"]
[Date "2009.09.05"]
[Round "6"]
[White "Cerasoli, Mauro"]
[Black "Scalise, Sandro"]
[Result "1-0"]
[WhiteElo "1711"]
[BlackElo "1631"]
[PlyCount "39"]
[EventDate "2009.08.31"]

1. d4 Nf6 2. c4 e6 3. g3 d5 4. Bg2 c6 5. cxd5 exd5 6. Nf3 Bf5 7. O-O Nbd7 8.
Nc3 Bd6 9. h3 O-O 10. e3 Re8 11. Bd2 Ne4 12. Nh4 Nxc3 13. Bxc3 Qg5 14. Rc1 Nf6
15. f4 Qh5 16. Qxh5 Nxh5 17. Nxf5 Bc7 18. g4 Nf6 19. Bd2 g6 20. Nh6+ 1-0

[Event "VII Festival B"]
[Site "Amantea ITA"]
[Date "2009.09.05"]
[Round "6"]
[White "Furnari, Francesco"]
[Black "Russi, Roberto"]
[Result "1/2-1/2"]
[WhiteElo "1832"]
[BlackElo "1898"]
[PlyCount "75"]
[EventDate "2009.08.31"]

1. e4 Nf6 2. Nc3 d5 3. e5 d4 4. exf6 dxc3 5. fxg7 cxd2+ 6. Qxd2 Qxd2+ 7. Bxd2
Bxg7 8. O-O-O Be6 9. Bf4 c6 10. a3 Nd7 11. Nf3 Nb6 12. Bd3 h6 13. Rhe1 O-O-O
14. Ne5 Na4 15. Nxc6 Bxb2+ 16. Kb1 Bd4 17. Nxe7+ Kd7 18. Bb5+ Kxe7 19. Bxa4
Bxf2 20. Rf1 Bc5 21. Bc1 Rxd1 22. Rxd1 Rg8 23. g3 h5 24. Bb2 a6 25. Bb3 Rg4 26.
Re1 h4 27. gxh4 Rxh4 28. Bxe6 fxe6 29. Rh1 Rh3 30. Ka2 Bd6 31. Rg1 Kf8 32. Rg6
Ke8 33. Rxe6+ Kd7 34. Re2 Rxh2 35. Rxh2 Bxh2 36. Kb3 Kc6 37. a4 Bd6 38. c4
1/2-1/2

[Event "VII Festival B"]
[Site "Amantea ITA"]
[Date "2009.09.05"]
[Round "6"]
[White "Ielapi, Vito"]
[Black "Daniac, Federico"]
[Result "0-1"]
[WhiteElo "1887"]
[BlackElo "1596"]
[PlyCount "106"]
[EventDate "2009.08.31"]

1. d4 Nf6 2. Nf3 d5 3. e3 e6 4. Bd3 c5 5. c3 Bd6 6. O-O Nbd7 7. Nbd2 O-O 8. Re1
Re8 9. e4 dxe4 10. Nxe4 Qc7 11. Nxd6 Qxd6 12. dxc5 Qxc5 13. Be3 Qc7 14. Rc1 b6
15. g3 Bb7 16. Bf1 Red8 17. Bd4 Qc6 18. Bg2 e5 19. Nh4 Qc7 20. Be3 Bxg2 21.
Nxg2 Nc5 22. Qc2 Nd3 23. Rcd1 Nxe1 24. Rxe1 Rd7 25. c4 Rad8 26. h3 Nd5 27. Bd2
f6 28. Qb3 Ne7 29. Be3 Kh8 30. Nh4 Rd3 31. Qc2 Qc8 32. Kh2 Nf5 33. Nxf5 Qxf5
34. b4 Qf3 35. Kg1 Rd1 36. Qc3 Rxe1+ 37. Qxe1 Rd1 38. Kf1 Rxe1+ 39. Kxe1 Qh1+
40. Kd2 Qxh3 41. c5 Qd7+ 42. Kc3 Qc7 43. Kc4 Qc6 44. b5 Qe4+ 45. Kb3 bxc5 46.
Bxc5 Qb7 47. a4 a6 48. b6 a5 49. Kc4 Qc6 50. g4 Qxa4+ 51. Kd5 Qd7+ 52. Bd6 a4
53. Kc5 a3 0-1